ইতিহাস কথা কয় / (Record no. 54753)
[ view plain ]
| 000 -LEADER | |
|---|---|
| fixed length control field | 00859nam a2200217 a 4500 |
| 001 - CONTROL NUMBER | |
| control field | 54753 |
| 003 - CONTROL NUMBER IDENTIFIER | |
| rucl marc code | BD-RjUL |
| 005 - DATE AND TIME OF LATEST TRANSACTION | |
| control field | 20211209080150.0 |
| 008 - FIXED-LENGTH DATA ELEMENTS--GENERAL INFORMATION | |
| fixed length control field | 161110r19871981bg ||||| |||| 00| 0 ben d |
| 035 ## - SYSTEM CONTROL NUMBER | |
| System control number | (BD-RjUL)54875 |
| 040 ## - CATALOGING SOURCE | |
| Original cataloging agency | BD-RjUL |
| Language of cataloging | ben |
| Transcribing agency | BD-RjUL |
| Modifying agency | BD-RjUL |
| 041 ## - LANGUAGE CODE | |
| Language code of text/sound track or separate title | ben |
| 082 ## - DEWEY DECIMAL CLASSIFICATION NUMBER | |
| Edition number | 23 |
| Classification number | 954.14 |
| Author mark and year | MUI 1987 |
| 100 ## - MAIN ENTRY--PERSONAL NAME | |
| Personal name | মোদাব্বের, মোহাম্মদ |
| 9 (RLIN) | 163250 |
| 245 10 - TITLE STATEMENT | |
| Title | ইতিহাস কথা কয় / |
| Statement of responsibility, etc. | মোহাম্মদ মোদাব্বের |
| 260 ## - PUBLICATION, DISTRIBUTION, ETC. (IMPRINT) | |
| Place of publication, distribution, etc. | ঢাকা : |
| Name of publisher, distributor, etc. | ইসলামিক ফাউন্ডেশন বাংলাদেশ, |
| Date of publication, distribution, etc. | ১৯৮১ [প্রকাশ১৯৮৭] |
| 300 ## - PHYSICAL DESCRIPTION | |
| Pagination | ৩৪৩ পৃ. ; |
| Size | ২১ সেমি. |
| 651 ## - SUBJECT ADDED ENTRY--GEOGRAPHIC NAME | |
| Geographic name | বাংলা (ভারত) |
| Form subdivision | ইতিহাস |
| 9 (RLIN) | 163180 |
| Geographic name | Bangal (India) |
| Form subdivision | History |
| 9 (RLIN) | 163251 |
| 942 ## - ADDED ENTRY ELEMENTS (KOHA) | |
| Source of classification or shelving scheme | Dewey Decimal Classification |
| Koha item type | Books |
| Lost status | Source of classification or shelving scheme | Damaged status | Not for loan | Collection code | Permanent Location | Current Location | Shelving location | Date acquired | Source of acquisition | Cost, normal purchase price | Total Checkouts | Full call number | Date last seen | Copy number | Koha item type |
|---|---|---|---|---|---|---|---|---|---|---|---|---|---|---|---|
| Dewey Decimal Classification | Non-fiction | Central Library, University of Rajshahi | Central Library, University of Rajshahi | 05/03/1996 | Islamic Faundesion | 55.00 | B 954.14 MUI 1987 | 10/11/2016 | C-2 | Books | |||||
| Dewey Decimal Classification | Not For Loan | Non-fiction | Central Library, University of Rajshahi | Central Library, University of Rajshahi | Reading Room | 02/11/1983 | Islamic Faundesion | 0.00 | B 954.14 MUI 1987 | 06/04/2017 | C-1 | Books |